Фэн-шуй: китайская традиция или европейская мода; Актуальные проблемы гуманитарных наук

Бібліографічні деталі
Parent link:Актуальные проблемы гуманитарных наук.— 2009.— С. 240
Автор: Толстоносова И.
Мова:Російська
Опубліковано: 2009
Предмети:
Формат: MixedMaterials Частина з книги
KOHA link:https://koha.lib.tpu.ru/cgi-bin/koha/opac-detail.pl?biblionumber=195617

MARC

LEADER 00000naa2a2200000 4500
001 195617
005 20231031182858.0
035 |a (RuTPU)RU\TPU\book\213426 
090 |a 195617 
100 |a 20110512d2009 k y0rusy50 ca 
101 0 |a rus 
102 |a RU 
200 1 |a Фэн-шуй: китайская традиция или европейская мода  |f И. Толстоносова 
320 |a Библиогр.: 4 назв. 
463 0 |0 (RuTPU)RU\TPU\book\205117  |t Актуальные проблемы гуманитарных наук  |o труды VIII международной научно-практической конференции студентов, аспирантов и молодых ученых, г. Томск, 16-17 апреля 2009 г.  |f Томский политехнический университет (ТПУ)  |v С. 240  |d 2009  |p 466 с. 
610 1 |a Китай 
610 1 |a традиции 
610 1 |a мода 
610 1 |a фэн-шуй 
610 1 |a размещение 
610 1 |a помещения 
610 1 |a труды учёных ТПУ 
700 1 |a Толстоносова  |b И. 
801 1 |a RU  |b 63413507  |c 20110512 
942 |c BK